Notas generales (Registro nro. 12452)

Detalles MARC
000 -CABECERA
Campo de control 007100000a22002290004500
090 ## - CLASIFICACIÓN LOCAL
Colección AR
Consecutivo 03401
041 0# - IDIOMA
Código de idioma para texto/pista de sonido o título separado
100 1# - ASIENTO PRINCIPAL--NOMBRE PERSONAL
Nombre personal Lehmann V., F. C.
245 10 - MENCION DE TITULO
Título Notas generales
500 ## - NOTA GENERAL
Nota general <Colección Aves>
650 14 - ASIENTO SECUNDARIO DE MATERIA - TERMINO TEMATICO
Término temático o nombre geográfico como elemento de entrada Ornitología
650 14 - ASIENTO SECUNDARIO DE MATERIA - TERMINO TEMATICO
Término temático o nombre geográfico como elemento de entrada Aves
650 14 - ASIENTO SECUNDARIO DE MATERIA - TERMINO TEMATICO
Término temático o nombre geográfico como elemento de entrada Dispersión
650 14 - ASIENTO SECUNDARIO DE MATERIA - TERMINO TEMATICO
Término temático o nombre geográfico como elemento de entrada Hábitat abierto
650 14 - ASIENTO SECUNDARIO DE MATERIA - TERMINO TEMATICO
Término temático o nombre geográfico como elemento de entrada Cambio del hábitat
651 #4 - ASIENTO SECUNDARIO DE MATERIA - NOMBRE GEOGRAFICO
-- Garzón, San Agustín
-- Huila
-- Colombia
653 ## - TERMINO DE INDIZACION - NO CONTROLADO
-- Oroaetus
-- Oroaetus isidori
653 ## - TERMINO DE INDIZACION - NO CONTROLADO
-- Phasianidae
-- Colinus
-- Colinus cristatus
653 ## - TERMINO DE INDIZACION - NO CONTROLADO
-- Icteridae
-- Hypopyrrhus
-- Hypopyrrus pyrohypogaster
773 1# - Item fuente:
Título Novedades Colombianas
Especificación de materiales 315
Descripción física 6
Paginas del Articulo 522-526
Lugar, editorial y fecha de publicación 1961
Información sobre la relación 1
942 ## - ELEMENTOS ADICIONALES (KOHA)
Tipo de ítem Artículo
Existencias
Withdrawn status Lost status Damaged status No para préstamo Colección Ubicación Permanente Ubicación actual Fecha de adquisición Datos de publicación Seriada Total Checkouts Número topográfico Inventario / Código de Barras Date last seen Ejemplar Price effective from Forma de adquisición Tipo de material
      No para Préstamo Hemeroteca Bogotá Bogotá 27/02/2015 Fuera de circulación   AR 03401 013708 25/03/2015 1 25/03/2015   Artículo